000 00565nam a2200193Ia 4500
999 _c8990
_d8990
003 OSt
005 20201012101538.0
008 190216s9999||||xx |||||||||||||| ||und||
020 _a9788177584097
040 _coclc
082 _a621.38153
_bMAN/D
100 _aMano, M Morris
_95452
245 0 _aDigital Logic And Computer Design /
_cM Morris Mano
250 _a9th Ed.
260 _bPearson Education International,
_aNew Delhi:
_c2008.
300 _a612p
650 _aComputer
942 _cBK
_2ddc
_h621.38153
_iMAN/D
_k621.38153
_mMAN/D